A lakás Szegeden is a jövő
Elmentve itt :
| Szerző: | |
|---|---|
| Dokumentumtípus: | Cikk |
| Megjelent: |
1997-09-26
|
| Sorozat: | Délmagyarország
87 No. 225 |
| Kulcsszavak: | Szeged, Lakásügy lakáshelyzet Szeged, Közigazgatás önkormányzat közgyűlés Szeged |
| Online Access: | http://dmarchiv.bibl.u-szeged.hu/82948 |
| LEADER | 00532nab a2200157 i 4500 | ||
|---|---|---|---|
| 001 | delm82948 | ||
| 005 | 20191017123155.0 | ||
| 008 | 191017s1997 hu o 0|| hun d | ||
| 040 | |a SZTE Délmagyarország Archívum |b hun | ||
| 041 | |a hun | ||
| 100 | 1 | |a Újszászi Ilona | |
| 245 | 1 | 2 | |a A lakás Szegeden is a jövő |h [elektronikus dokumentum] / |c Újszászi Ilona |
| 260 | |c 1997-09-26 | ||
| 300 | |a 1, 4 | ||
| 490 | 0 | |a Délmagyarország |v 87 No. 225 | |
| 695 | |a Szeged, Lakásügy lakáshelyzet Szeged, Közigazgatás önkormányzat közgyűlés Szeged | ||